000
00226 a2200097 4500
001
35357
100
_a
Ginsberg J H
245
_a
Advanced Engineering Dynamics
260
_a
Singapore
_b
Harper & Row
_c
090
_c
23386
_d
23386
942
_a
NUST-CAE
_c
M
_c
14876
999
_c
270430
_d
270430